Mastering Cloud Computing (Record no. 42970)
[ view plain ]
| 000 -LEADER | |
|---|---|
| fixed length control field | 00394nam a22001697a 4500 |
| 003 - CONTROL NUMBER IDENTIFIER | |
| control field | OSt |
| 005 - DATE AND TIME OF LATEST TRANSACTION | |
| control field | 20240222122815.0 |
| 008 - FIXED-LENGTH DATA ELEMENTS--GENERAL INFORMATION | |
| fixed length control field | 240222b ||||| |||| 00| 0 eng d |
| 020 ## - INTERNATIONAL STANDARD BOOK NUMBER | |
| International Standard Book Number | 9781259029950 |
| 040 ## - CATALOGING SOURCE | |
| Transcribing agency | clc |
| 082 ## - DEWEY DECIMAL CLASSIFICATION NUMBER | |
| Classification number | 519.5 |
| Item number | BUY/M |
| 100 ## - MAIN ENTRY--PERSONAL NAME | |
| Personal name | Buyya, Rajkumar |
| 245 ## - TITLE STATEMENT | |
| Title | Mastering Cloud Computing |
| 250 ## - EDITION STATEMENT | |
| Edition statement | 21st Ed. |
| 260 ## - PUBLICATION, DISTRIBUTION, ETC. | |
| Place of publication, distribution, etc. | Chennai |
| Name of publisher, distributor, etc. | Mc Graw Hill |
| Date of publication, distribution, etc. | 2023 |
| 942 ## - ADDED ENTRY ELEMENTS (KOHA) | |
| Koha item type | Book |
| 952 ## - LOCATION AND ITEM INFORMATION (KOHA) | |
| Lost status | |
| 952 ## - LOCATION AND ITEM INFORMATION (KOHA) | |
| Lost status | |
| 952 ## - LOCATION AND ITEM INFORMATION (KOHA) | |
| Lost status | |
| 952 ## - LOCATION AND ITEM INFORMATION (KOHA) | |
| Lost status | |
| 952 ## - LOCATION AND ITEM INFORMATION (KOHA) | |
| Lost status | |
| 952 ## - LOCATION AND ITEM INFORMATION (KOHA) | |
| Lost status | |
| 952 ## - LOCATION AND ITEM INFORMATION (KOHA) | |
| Lost status | |
| 952 ## - LOCATION AND ITEM INFORMATION (KOHA) | |
| Lost status | |
| 952 ## - LOCATION AND ITEM INFORMATION (KOHA) | |
| Lost status | |
| 952 ## - LOCATION AND ITEM INFORMATION (KOHA) | |
| Lost status | |
| 952 ## - LOCATION AND ITEM INFORMATION (KOHA) | |
| Lost status | |
| 952 ## - LOCATION AND ITEM INFORMATION (KOHA) | |
| Lost status | |
| 952 ## - LOCATION AND ITEM INFORMATION (KOHA) | |
| Lost status | |
| 952 ## - LOCATION AND ITEM INFORMATION (KOHA) | |
| Lost status | |
| 952 ## - LOCATION AND ITEM INFORMATION (KOHA) | |
| Lost status | |
| Withdrawn status | Collection code | Permanent Location | Current Location | Cost, normal purchase price | Full call number | Accession no. | Koha item type |
|---|---|---|---|---|---|---|---|
| School of Data Science (Noida) | MUIT-NOIDA | MUIT-NOIDA | 970.00 | 519.5 BUY/M | DSC00805 | Reference Book | |
| School of Data Science (Noida) | MUIT-NOIDA | MUIT-NOIDA | 970.00 | 519.5 BUY/M | DSC00806 | Book | |
| School of Data Science (Noida) | MUIT-NOIDA | MUIT-NOIDA | 970.00 | 519.5 BUY/M | DSC00807 | Book | |
| School of Data Science (Noida) | MUIT-NOIDA | MUIT-NOIDA | 970.00 | 519.5 BUY/M | DSC00808 | Book | |
| School of Data Science (Noida) | MUIT-NOIDA | MUIT-NOIDA | 970.00 | 519.5 BUY/M | DSC00809 | Book | |
| School of Data Science (Noida) | MUIT-NOIDA | MUIT-NOIDA | 970.00 | 519.5 BUY/M | DSC00810 | Book | |
| School of Data Science (Noida) | MUIT-NOIDA | MUIT-NOIDA | 970.00 | 519.5 BUY/M | DSC00811 | Book | |
| School of Data Science (Noida) | MUIT-NOIDA | MUIT-NOIDA | 970.00 | 519.5 BUY/M | DSC00812 | Book | |
| School of Data Science (Noida) | MUIT-NOIDA | MUIT-NOIDA | 970.00 | 519.5 BUY/M | DSC00813 | Book | |
| School of Data Science (Noida) | MUIT-NOIDA | MUIT-NOIDA | 970.00 | 519.5 BUY/M | DSC00814 | Book | |
| School of Data Science (Noida) | MUIT-NOIDA | MUIT-NOIDA | 970.00 | 519.5 BUY/M | DSC00815 | Book | |
| School of Data Science (Noida) | MUIT-NOIDA | MUIT-NOIDA | 970.00 | 519.5 BUY/M | DSC00816 | Book | |
| School of Data Science (Noida) | MUIT-NOIDA | MUIT-NOIDA | 970.00 | 519.5 BUY/M | DSC00817 | Book | |
| School of Data Science (Noida) | MUIT-NOIDA | MUIT-NOIDA | 970.00 | 519.5 BUY/M | DSC00818 | Book | |
| School of Data Science (Noida) | MUIT-NOIDA | MUIT-NOIDA | 970.00 | 519.5 BUY/M | DSC00819 | Book |